| 000 | 00519nam a2200205Ia 4500 | ||
|---|---|---|---|
| 005 | 20240823021208.0 | ||
| 008 | 240823s9999||||xx |||||||||||||| ||und|| | ||
| 020 | _a81-7629-248-6 | ||
| 041 | _aENGLISH | ||
| 082 | _A658.408 P1 | ||
| 100 | _aSasi Bhushana Rao P | ||
| 245 | 0 | _aEnvironment Management and Audit | |
| 250 | _a1st | ||
| 260 |
_c2001 _b"Deep and Deep, New " _aNew Delhi |
||
| 500 | _aYES | ||
| 650 |
_aAuditing _bManagement Studies |
||
| 700 | _a Mohana Rao P Eds. | ||
| 942 | _cBK | ||
| 999 |
_c176504 _d176504 |
||